000
00319cam a2200121 4500
008
140428n 000 0 eng u
035
_a
(Sirsi) a183268
050
_a
COL. COL 2014.01
100
_a
Leidheiser,V.C.
245
_a
My African Advernture/Virginia Colson Leidheiser.
500
_a
manuscript
260
_a
2010
999
_c
23729
_d
23729